| 000 | 00517nam a2200181 a 4500 | ||
|---|---|---|---|
| 001 | 5557 | ||
| 003 | CDMR | ||
| 005 | 20131028161443.0 | ||
| 008 | 130130s1995||||||||||||||||||||||||||||d | ||
| 020 | _a8488762380 | ||
| 040 |
_aCDMR _bcat _cCPC GIRONA |
||
| 245 | 0 |
_aSeqüències d'un centenari _cÀngel Quintana, ... [et al.] |
|
| 260 |
_bUniversitat de Girona _a[Girona] |
||
| 260 |
_c1995 _bl'Ajuntament |
||
| 300 | _a118 p. | ||
| 650 | 0 | 4 |
_93454 _aCinematografia _xHistòria i crítica _vRecull d'escrits |
| 942 |
_cMON _2udc |
||
| 999 |
_c5557 _d5557 |
||